Most Streamed Beyonce Songs - Statistics

General Stats
  • This quiz has been taken 100 times
  • The average score is 10 of 20
Answer Stats
# Streams Answer % Correct
1 1,794,718,208 Halo
90%
2 1,590,617,525 Crazy In Love
88%
6 778,490,876 Single Ladies (Put a Ring on It)
84%
11 670,478,775 Drunk in Love
68%
9 693,464,859 TEXAS HOLD 'EM
66%
4 903,548,113 CUFF IT
64%
10 677,004,131 If I Were a Boy
60%
8 713,080,437 Irreplaceable
55%
15 492,196,704 BREAK MY SOUL
53%
19 389,570,249 Baby Boy
49%
12 621,361,208 Run the World (Girls)
48%
3 917,771,361 Telephone
47%
7 720,902,999 Love On Top
40%
14 558,287,607 Partition
32%
13 611,443,149 7/11
29%
16 452,141,856 Savage Remix
29%
5 830,785,491 Perfect Duet
27%
18 423,571,795 Best Thing I Never Had
19%
20 383,724,688 Mi Gente
14%
17 430,528,465 Feeling Myself
13%
No matching quizzes found
Score Distribution
Percent of People with Each Score
Percentile by Number Answered
Your Score History
You have not taken this quiz